000 00845nam a2200229Ia 4500
003 GCL
008 140319s9999 xx 000 0 ara d
040 _aGCL /
_cGCL
082 0 4 _a891.7
_bج ق
100 1 _aاحمد عمر شاهين
245 1 0 _aقصص التحول فى الادب العالمى الحديث : الانف , جوجول - المسخ , كافكا - الثدى , روث /
_cاحمد عمر شاهين
700 1 _aجوجول، نيكولاى
700 1 _aروث، فيليب
700 1 _aكافكا، فرانز
300 _a180 ص
490 _aكتاب شرقيات للجميع
_v0
650 0 4 _aالقصص العالمية
650 0 4 _aالادب الروسى المترجم
650 0 4 _aالادب الامريكى المترجم
650 0 4 _aالادب العالمى المترجم
942 _2ddc
_cBK
999 _c39691
_d39691